Adityanum Raadhayum Mattu Chilarum (Record no. 96113)

MARC details
000 -LEADER
fixed length control field 00411nam a2200145Ia 4500
008 - FIXED-LENGTH DATA ELEMENTS--GENERAL INFORMATION
fixed length control field 211118s9999||||xx |||||||||||||| ||und||
082 ## - DEWEY DECIMAL CLASSIFICATION NUMBER
Classification number 894.8123
Item number MUK-A
100 ## - MAIN ENTRY--PERSONAL NAME
Personal name Mukundan, M
245 #0 - TITLE STATEMENT
Title Adityanum Raadhayum Mattu Chilarum
260 ## - PUBLICATION, DISTRIBUTION, ETC.
Name of publisher, distributor, etc. DC Books
Place of publication, distribution, etc. Kottayam
Date of publication, distribution, etc. 1998
300 ## - PHYSICAL DESCRIPTION
Extent 175
630 ## - SUBJECT ADDED ENTRY--UNIFORM TITLE
General subdivision Malayalam NovelGeneral Stack
650 ## - SUBJECT ADDED ENTRY--TOPICAL TERM
Topical term or geographic name entry element Malayalam Literature
942 ## - ADDED ENTRY ELEMENTS (KOHA)
Koha item type BOOK
650 ## - SUBJECT ADDED ENTRY--TOPICAL TERM
Form subdivision Malayalam FictionMalayalam
Holdings
Withdrawn status Lost status Source of classification or shelving scheme Damaged status Not for loan Home library Current library Date acquired Cost, normal purchase price Full call number Barcode Shelving location Date last seen Price effective from Koha item type
    Dewey Decimal Classification     SB LIBRARY SB LIBRARY 18/11/2021 50.00 894.8123 MUK-A 00101296 GENERAL STACK 18/11/2021 18/11/2021 BOOK

Powered by Koha